| 000 | 00615nam a2200229Ia 4500 | ||
|---|---|---|---|
| 003 | OSt | ||
| 005 | 20221005045230.0 | ||
| 006 | a|||||r|||| 00| 0 | ||
| 007 | ta | ||
| 008 | 221004b |||||||| |||| 00| 0 san d | ||
| 024 | _a65346 | ||
| 037 | _cTextual | ||
| 040 |
_aCRL _cCRL _bsan |
||
| 041 |
_2san _asan |
||
| 082 | _aLBx5:1, 152H9 | ||
| 100 |
_aBhatt Rameshawar Au. _9593279 |
||
| 245 | 0 | _aShagadardhar sahinta | |
| 260 |
_aKashi _bBhargavapusatkalaya India _c1949 |
||
| 650 | _aMEDICINE | ||
| 942 |
_hLBx5:1, 152H9 _cTEXL _2cc |
||
| 999 |
_c954628 _d954628 |
||